000 01141cam a22003017a 4500
001 1177
005 20231124095934.0
020 _a9781933605012
040 _aDLC
_cDLC
_dDLC
_beng
050 0 0 _aPZ7
082 _a823.92
100 1 _aBedford, David
_d1969-
245 1 0 _aTop of the league /
_cDavid Bedford ; illustrated by Keith Brumpton.
250 _aFirst American Edition 2006
260 _aLa Jolla :
_bKane/Miller Book Publishers,
_c2006
300 _a75 pages :
_bIllustrations ;
_c21 cm
490 0 _aThe team
_vBook 2
505 _aO
520 _aThe Team are winning They only need one more point to win the league, and tensions are high. So when Darren, the goalkeeper, makes a mistake, the rest of The Team are furious. Suddenly, they're all fighting and losing. Even Professor Gertie and Mark I are argiung What can Harvey do to save the situation?
521 _a620
_bLexile
521 _aO
_bRaz-Plus
650 _aSoccer
650 _aEuropean Football
650 _aSports
700 1 _aBrumpton, Keith
_eIllustrator
906 _a7
_bcbc
_corignew
_d4
_eepcn
_f20
_gy-gencatlg
942 _2ddc
_cBK
_n0
999 _c1177
_d1177